| 000 | 00847nas a2200289 4500 | ||
|---|---|---|---|
| 001 | BR9512376 | ||
| 003 | BR-BrBNA | ||
| 005 | 20231205095635.0 | ||
| 007 | ta | ||
| 008 | 230509b bl.|||p| |||| 00| 00por d | ||
| 040 |
_aBR-BrBNA _bpor _cBiblioteca Nacional de Agricultura |
||
| 041 | _a(Pt) | ||
| 072 | _aL51 | ||
| 100 | 1 | _aVitti, D.M.S.S. | |
| 100 | 1 | _aAbdalla, A.L. | |
| 100 | 1 | _aS. Filho, J.C. | |
| 100 | 1 | _aMeirelles, C.F. | |
| 245 | 1 | _aAbsorcao real do fosforo de fontes nao convencionais por ovinos | |
| 650 | _aOvino | ||
| 650 | _aDieta | ||
| 650 | _aAbsorcao | ||
| 650 | _aFosforo | ||
| 650 | _aFarinha de Osso | ||
| 773 | 0 |
_tArquivo Brasileiro de Medicina Veterinaria e Zootecnia (Brazil) _xISSN 0102-0935 _g(Jun 1995), v. 47(3) p. 385-395 _wBR9512376 |
|
| 909 |
_a202311 _bLúcia _c55 _dLúcia Elande |
||
| 942 |
_2AGRIS _n0 _cANA |
||
| 999 |
_c151864 _d151864 |
||